000 01305cam a2200133 4500500
005 20260405023232.0
041 _afre
042 _adc
100 1 0 _aMycinski, Cyprien
_eauthor
245 0 0 _aParis, terre sacrée : Une histoire spirituelle de la capitale
260 _bPresses Universitaires de France,
_c2022.
520 _aParis, capitale mystique ? On pense plus volontiers à des contrées exotiques, en Asie, ou alors aux chemins de Compostelle. Et pourtant, Paris a vu son histoire façonnée par les hommes et les dieux, du paganisme des origines jusqu’au christianisme. On découvrira au travers de cet itinéraire les traces laissées par l’hindouisme, le bouddhisme, et bien évidemment par le judaïsme et l’islam. C’est un récit de voyage singulier que livre ici Cyprien Mycinski: à travers l’évocation de lieux célèbres (Notre-Dame ou le Sacré-Cœur) ou secrets (le pilier des Nautes, l’église Saint-Bernard-de-la-Chapelle, le quartier Couronnes…), il révèle la face mystique souvent méconnue de Paris, l’histoire sacrée de la capitale et de son territoire (Saint-Denis, Port-Royal-des-Champs, Evry, Bussy-Saint-Georges, Le Raincy…).
856 4 1 _uhttps://shs.cairn.info/paris-terre-sacree--9782130826965?lang=fr&redirect-ssocas=7080
999 _c2137922
_d2137922